Statistics for Countries With The Most Freedom - With Exceptions

Click here to take the quiz!

General Stats

  • This quiz has been taken 35 times
  • The average score is 18 of 25

Answer Stats

ScoreCountry% Correct
8.85Canada
97%
8.69United States
97%
8.84Australia
90%
8.72Japan
90%
9.01New Zealand
90%
7.98Singapore
83%
8.39South Korea
83%
8.62Chile
80%
8.20Panama
77%
8.68Taiwan
77%
8.25Costa Rica
73%
7.91Jamaica
73%
7.84Trinidad and Tobago
70%
8.22Bahamas
67%
7.93Barbados
67%
7.95Peru
67%
8.41Uruguay
67%
8.45Cyprus
63%
7.92Dominican Republic
63%
8.12Armenia
57%
8.20Georgia
57%
8.07Mauritius
50%
7.77Seychelles
47%
8.00Mongolia
43%
7.90Botswana
40%

Score Distribution

Percentile by Number Answered

Percent of People with Each Score

Your Score History

You have not taken this quiz